000
00223nam a2200097Ia 4500
005
20251222114406.0
008
251222s1900||||xx |||||||||||||| ||spa||
082
_a
DVD0097/C64/1991
245
0
_a
Nueva Experiencia:
942
_c
DVD
999
_c
1857
_d
1857